000 00853nam a22003017a 4500
001 BR2024004203
003 BR-BrBNA
005 20241220154647.0
008 241215b bl.||||| |||| 00| 0 por d
040 _aBR-BrBNA
_bpor
041 _apor
072 _aE50 ; E11 ; E10
090 _aE50 BR2024004203
_b2024-8505
110 _aSecretaria Especial de Políticas de Promoção da Igualdade Racial, Brasília, DF (Brasil)
245 _aPrograma Brasil Quilombola
260 _aBrasília, DF (Brasil)
_c2005
300 _a48 p.
500 _a31 illus.; 1 table
650 _aPOLÍTICAS PÚBLICAS
650 _aPOLÍTICA GOVERNAMENTAL
650 _aPROGRAMA DE GOVERNO
650 _aCOMUNIDADE RURAL
650 _aLEGISLAÇÃO
650 _aDESINTRUSÃO
650 _aSOCIOLOGIA RURAL
909 _a202412
_bFernando
942 _cBK
999 _c329278
_d329278